000 00674nam a22002057a 4500
005 20251108170829.0
008 250721s1999 xx 000 0 ara d
082 1 4 _a956.4/سجل
100 1 _aصالحية، محمد عيسى
245 1 0 _aسجل أراضي ألوية صفد نابلس غزه و قضاء الرملة /
264 1 _aعمان :
_bجامعة عمان الأهلية،
_c1999.
300 _a459ص
490 0 _aسجلات أراضي فلسطين العثمانية
650 1 7 _aالتاريخ
650 1 7 _aفلسطين
650 1 7 _aسجلات الأراضي الممسوحة
650 1 7 _aالتسجيل
942 _2ddc
_cBK
999 _c50025
_d50025